Power, politics, and adult educational administration : (Record no. 19800)

MARC details
000 -LEADER
fixed length control field 01061cam a22003138i 4500
001 - CONTROL NUMBER
control field 20795839
003 - CONTROL NUMBER IDENTIFIER
control field OSt
005 - DATE AND TIME OF LATEST TRANSACTION
control field 20221109163004.0
008 - FIXED-LENGTH DATA ELEMENTS--GENERAL INFORMATION
fixed length control field 190102s2019 nyu b 000 0 eng
010 ## - LIBRARY OF CONGRESS CONTROL NUMBER
LC control number 2018061600
020 ## - INTERNATIONAL STANDARD BOOK NUMBER
International Standard Book Number 9780367151942
040 ## - CATALOGING SOURCE
Original cataloging agency DLC
Language of cataloging eng
Description conventions rda
Transcribing agency DLC
042 ## - AUTHENTICATION CODE
Authentication code pcc
043 ## - GEOGRAPHIC AREA CODE
Geographic area code n-us-pa
050 00 - LIBRARY OF CONGRESS CALL NUMBER
Classification number LC5253
Item number K65 2019
100 1# - MAIN ENTRY--PERSONAL NAME
Personal name Kokolus, John
245 10 - TITLE STATEMENT
Title Power, politics, and adult educational administration :
Remainder of title the case of a liberal arts institution /
Statement of responsibility, etc. by John Kokolus.
263 ## - PROJECTED PUBLICATION DATE
Projected publication date 1901
264 #1 - PRODUCTION, PUBLICATION, DISTRIBUTION, MANUFACTURE, AND COPYRIGHT NOTICE
Place of production, publication, distribution, manufacture New York :
Name of producer, publisher, distributor, manufacturer Routledge,
Date of production, publication, distribution, manufacture, or copyright notice 2019
300 ## - PHYSICAL DESCRIPTION
Extent 99p.
504 ## - BIBLIOGRAPHY, ETC. NOTE
Bibliography, etc Includes bibliographical references.
610 20 - SUBJECT ADDED ENTRY--CORPORATE NAME
Corporate name or jurisdiction name as entry element Elizabethtown College.
650 #0 - SUBJECT ADDED ENTRY--TOPICAL TERM
Topical term or geographic name as entry element Adult education
Geographic subdivision Pennsylvania
-- Elizabethtown
General subdivision Administration.
650 #0 - SUBJECT ADDED ENTRY--TOPICAL TERM
Topical term or geographic name as entry element Continuing education
Geographic subdivision Pennsylvania
-- Elizabethtown
General subdivision Administration.
650 #0 - SUBJECT ADDED ENTRY--TOPICAL TERM
Topical term or geographic name as entry element Adult college students
General subdivision Services for
Geographic subdivision Pennsylvania
-- Elizabethtown.
906 ## - LOCAL DATA ELEMENT F, LDF (RLIN)
a 7
b cbc
c orignew
d 1
e ecip
f 20
g y-gencatlg
942 ## - ADDED ENTRY ELEMENTS (KOHA)
Source of classification or shelving scheme Library of Congress Classification
Koha item type General Collection
Holdings
Withdrawn status Lost status Source of classification or shelving scheme Not for loan Home library Current library Date acquired Cost, normal purchase price Total Checkouts Full call number Barcode Date last seen Date last checked out Price effective from Koha item type
    Library of Congress Classification   Kabarak, Main Campus Kabarak, Main Campus 09/11/2022 6113.00 2 LC5253 .K65 2019 c.1 032266 11/03/2023 14/12/2022 09/11/2022 General Collection
Designed with assistance from East African Informatics Ltd